书目信息 |
| 题名: |
图案
|
|
| 作者: | 徐宾 编著 | |
| 分册: | ||
| 出版信息: | 北京 中国纺织出版社 2015.05 |
|
| 页数: | 118页 | |
| 开本: | 29cm | |
| 丛书名: | ||
| 单 册: | ||
| 中图分类: | J510 | |
| 科图分类: | ||
| 主题词: | 图案学--tu an xue--高等教育--教材 | |
| 电子资源: | ||
| ISBN: | 978-7-5064-9983-5 | |
| 000 | 00839nam0 2200253 450 | |
| 001 | CAL 0120151565267 | |
| 005 | 20150623161619.12 | |
| 010 | @a978-7-5064-9983-5@dCNY45.00 | |
| 100 | @a20150512d2015 em y0chiy50 ea | |
| 101 | 0 | @achi |
| 102 | @aCN@b110000 | |
| 105 | @aa z 000yy | |
| 106 | @ar | |
| 200 | 1 | @a图案@Atu an@f徐宾编著 |
| 210 | @a北京@c中国纺织出版社@d2015.05 | |
| 215 | @a118页@c图 (部分彩图)@d29cm | |
| 330 | @a本书共分为七章, 主要内容包括: 中国传统图案的起源和发展、图案的构成要素和色彩要素、图案的形式美法则、图案的构成形式、图案的造型规律和表现技巧等。 | |
| 333 | @a高等教育艺术设计专业“十二五”部委级规划教材 (本科) | |
| 586 | @a | |
| 606 | 0 | @a图案学@Atu an xue@x高等教育@j教材 |
| 690 | @aJ510@v5 | |
| 701 | 0 | @a徐宾@Axu bin@4编著 |
| 801 | 0 | @aCN@c20150820 |
| 905 | @a河南城建学院图书馆@dJ510@eX675@f3 | |
| 图案/徐宾编著.-北京:中国纺织出版社,2015.05 |
| 118页:图 (部分彩图);29cm |
| 使用对象:高等教育艺术设计专业“十二五”部委级规划教材 (本科) |
| ISBN 978-7-5064-9983-5:CNY45.00 |
| 本书共分为七章, 主要内容包括: 中国传统图案的起源和发展、图案的构成要素和色彩要素、图案的形式美法则、图案的构成形式、图案的造型规律和表现技巧等。 |
| ● |
| 相关链接 |
|
|
|
正题名:图案
索取号:J510/X675
 
预约/预借
| 序号 | 登录号 | 条形码 | 馆藏地/架位号 | 状态 | 备注 |
| 1 | 1160942 | 211609428 | 社科库309/309社科库 86排1列5层/ [索取号:J510/X675] | 在馆 | |
| 2 | 1160943 | 211609437 | 社科库309/309社科库 86排1列5层/ [索取号:J510/X675] | 在馆 | |
| 3 | 1160944 | 211609446 | 社科库309/309社科库 86排1列5层/ [索取号:J510/X675] | 在馆 |